[Event "7th European Individual Senior Champion."]
[Site "Hockenheim, Germany"]
[Date "2007.06.04"]
[Round "3.31"]
[White "Bogorads, Mihails"]
[Black "Jahr, Dieter"]
[Result "1-0"]
[WhiteElo "2245"]
[BlackElo "2059"]
[PlyCount "49"]
[EventDate "2007.??.??"]

1. e4 c5 2. Nf3 Nc6 3. Bb5 g6 4. O-O Bg7 5. c3 e5 6. d3 Nge7 7. Be3 Qb6 8. Na3
O-O 9. b4 d6 10. Rb1 Be6 11. bxc5 dxc5 12. Nc4 Qc7 13. Bxc5 a6 14. Bxc6 Bxc4
15. Bxe7 Qxe7 16. Rxb7 Qc5 17. Rb4 Bxd3 18. Bxa8 Bxf1 19. Bd5 Bb5 20. Qb3 Bf6
21. a4 Bc6 22. Bxc6 Qxc6 23. Rb6 Qxe4 24. Rxf6 Kg7 25. Rxf7+ 1-0

[Event "7th European Individual Senior Champion."]
[Site "Hockenheim, Germany"]
[Date "2007.06.04"]
[Round "3.32"]
[White "Stadt, Hans"]
[Black "Visser, Gerrit"]
[Result "0-1"]
[WhiteElo "2050"]
[BlackElo "2240"]
[PlyCount "72"]
[EventDate "2007.??.??"]

1. d4 Nf6 2. c4 e6 3. Nc3 Bb4 4. Qc2 b6 5. Bd2 Bb7 6. f3 d5 7. e3 O-O 8. Bd3
Nbd7 9. Nge2 c5 10. O-O cxd4 11. Nxd4 dxc4 12. Bxc4 Rc8 13. Qb3 Qe7 14. a3 Bd6
15. Rac1 Bb8 16. Be1 Nd5 17. Ne4 Ne5 18. Bf2 Nxc4 19. Rxc4 Rxc4 20. Qxc4 Rc8
21. Qb3 g6 22. Ng3 Be5 23. e4 Nf4 24. Nde2 Ba6 25. Re1 Nd3 26. Rb1 Nxf2 27.
Kxf2 Qc5+ 28. Qe3 Qxe3+ 29. Kxe3 Rc2 30. b4 Bc4 31. f4 Bb2 32. a4 h5 33. h4 Bf6
34. Rh1 Be7 35. b5 Bc5+ 36. Kf3 Rd2 0-1

[Event "7th European Individual Senior Champion."]
[Site "Hockenheim, Germany"]
[Date "2007.06.04"]
[Round "3.33"]
[White "Estrada Martinez, Cesar"]
[Black "Sinchurina, Tatiana"]
[Result "1-0"]
[WhiteElo "2208"]
[BlackElo "2047"]
[PlyCount "93"]
[EventDate "2007.??.??"]

1. Nf3 Nf6 2. c4 c6 3. d4 d5 4. Nc3 dxc4 5. a4 Bd7 6. a5 e6 7. e3 Bb4 8. Bxc4
Bxa5 9. O-O b5 10. Bd3 Na6 11. Bd2 Bxc3 12. Bxc3 Nc7 13. Bb4 Ncd5 14. Bc5 a5
15. Qd2 Ne7 16. Ra2 O-O 17. Rfa1 Re8 18. Rxa5 Rxa5 19. Rxa5 Ng6 20. Ra7 Ne7 21.
e4 Nc8 22. Rb7 h6 23. Ne5 Ne7 24. Bb6 Qa8 25. Ra7 Qb8 26. Bc5 Qd8 27. Qb4 Ng6
28. Nxg6 fxg6 29. Qa3 e5 30. dxe5 Rxe5 31. Ra8 Bc8 32. Bd6 Re6 33. e5 Ne8 34.
Qb3 Kf7 35. Bxg6+ Kxg6 36. Qxe6+ Bxe6 37. Rxd8 Kf7 38. f4 g6 39. Kf2 Bf5 40.
Ke3 Ng7 41. Rf8+ Ke6 42. Kd4 Nh5 43. Re8+ Kd7 44. Re7+ Kd8 45. g3 g5 46. fxg5
hxg5 47. e6 1-0

[Event "7th European Individual Senior Champion."]
[Site "Hockenheim, Germany"]
[Date "2007.06.04"]
[Round "3.34"]
[White "Bayer, Wolfgang Dr"]
[Black "Van Den Berg, Ad"]
[Result "0-1"]
[WhiteElo "2045"]
[BlackElo "2204"]
[PlyCount "100"]
[EventDate "2007.??.??"]

1. c4 g6 2. Nc3 Bg7 3. g3 c5 4. Bg2 Nc6 5. e4 d6 6. Nge2 h5 7. h4 Bg4 8. f3 Bd7
9. d3 a6 10. Bh3 Bxh3 11. Rxh3 Rb8 12. a4 e6 13. Rh2 Nge7 14. Be3 Ne5 15. Nf4
N7c6 16. Kf2 Qb6 17. Qe2 Nd4 18. Bxd4 cxd4 19. Nd1 Nxc4 20. a5 Nxa5 21. b4 Nc6
22. Kg1 Qxb4 23. Nf2 Be5 24. N2h3 Qb6 25. Qa2 Bxf4 26. gxf4 Qb5 27. Rd2 Ke7 28.
Ng5 Rhc8 29. Rb1 Qa5 30. Qb2 Qc3 31. Kf2 a5 32. Ke2 Qxb2 33. Rdxb2 Nb4 34. e5
d5 35. Nh3 Rc3 36. Nf2 Rbc8 37. Kd2 b6 38. Ke2 Kd7 39. Kd2 R8c6 40. Ke2 Kc7 41.
Kd2 Rc2+ 42. Kd1 Rxb2 43. Rxb2 Rc3 44. Kd2 b5 45. Nd1 Rxd3+ 46. Ke2 Ra3 47. Rb1
Ra2+ 48. Kf1 Kb6 49. f5 gxf5 50. f4 Nd3 0-1

[Event "7th European Individual Senior Champion."]
[Site "Hockenheim, Germany"]
[Date "2007.06.04"]
[Round "3.35"]
[White "Gabriel, Josef"]
[Black "Preuss, Flemming"]
[Result "1-0"]
[WhiteElo "2202"]
[BlackElo "2045"]
[PlyCount "121"]
[EventDate "2007.??.??"]

1. c4 e5 2. Nc3 Bb4 3. Qc2 Nc6 4. e3 Nf6 5. a3 Bxc3 6. Qxc3 d5 7. cxd5 Nxd5 8.
Qc2 O-O 9. b4 Nce7 10. Bb2 f6 11. Bd3 g6 12. h4 Be6 13. h5 Bf7 14. Nf3 Qd6 15.
Rh4 Rad8 16. Ke2 Qe6 17. g3 Nf5 18. Rh2 Rfe8 19. hxg6 Bxg6 20. Be4 c6 21. Rah1
Rd7 22. g4 Nd4+ 23. Bxd4 Bxe4 24. Qxe4 exd4 25. Qg6+ Rg7 26. Qf5 dxe3 27. fxe3
Qxf5 28. gxf5 Re4 29. Kf2 a5 30. bxa5 Ra4 31. Nd4 Rxa5 32. Ne6 Rf7 33. Rg2+ Kh8
34. e4 Nc7 35. Rhg1 Ra8 36. Nf4 Rd8 37. Ke3 Nb5 38. a4 Nd4 39. Rh2 Rg7 40. Rg6
Nc2+ 41. Ke2 Nd4+ 42. Kf2 Rf8 43. Ke3 c5 44. Nd5 Rxg6 45. fxg6 h6 46. Rxh6+ Kg7
47. Rh7+ Kxg6 48. Rxb7 Ra8 49. Nc3 f5 50. exf5+ Kxf5 51. Kd3 Ke5 52. Kc4 Nf3
53. d3 Rd8 54. a5 Rd4+ 55. Kxc5 Rxd3 56. Re7+ Kf4 57. Nb5 Ne5 58. a6 Rd1 59. a7
Rc1+ 60. Kd5 Rd1+ 61. Nd4 1-0

[Event "7th European Individual Senior Champion."]
[Site "Hockenheim, Germany"]
[Date "2007.06.04"]
[Round "3.37"]
[White "Hohler, Peter"]
[Black "Mertens, Gottfried"]
[Result "1-0"]
[WhiteElo "2183"]
[BlackElo "2035"]
[PlyCount "63"]
[EventDate "2007.??.??"]

1. Nf3 f5 2. d3 Nf6 3. e4 fxe4 4. dxe4 d5 5. exd5 Qxd5 6. Qxd5 Nxd5 7. Bc4 c6
8. O-O Nd7 9. Re1 N7f6 10. Ne5 Ng4 11. Bxd5 cxd5 12. Nc3 Bf5 13. Nxg4 Bxg4 14.
Nxd5 Rc8 15. Bf4 Kf7 16. b3 e6 17. Ne3 Bh5 18. g4 Bg6 19. Red1 Be4 20. Rd4 Bc6
21. Nc4 Bb5 22. Ne5+ Kf6 23. Nd7+ Bxd7 24. Rxd7 b5 25. Re1 Be7 26. c3 Rhg8 27.
Be5+ Kf7 28. Rxa7 Ra8 29. Rb7 Rxa2 30. Rd1 Re8 31. Rdd7 Kf8 32. Rxe7 1-0

[Event "7th European Individual Senior Champion."]
[Site "Hockenheim, Germany"]
[Date "2007.06.04"]
[Round "3.38"]
[White "Fischer, Gerd"]
[Black "Josting, Friedel"]
[Result "1-0"]
[WhiteElo "2175"]
[BlackElo "2026"]
[PlyCount "73"]
[EventDate "2007.??.??"]

1. e4 c5 2. Nf3 e6 3. d4 cxd4 4. Nxd4 a6 5. Be2 Nf6 6. O-O Nc6 7. Nxc6 bxc6 8.
e5 Nd5 9. c4 Nc7 10. Nc3 Be7 11. Ne4 O-O 12. Bf4 Ne8 13. Bd3 f5 14. exf6 Nxf6
15. Be5 Nxe4 16. Bxe4 g6 17. Qg4 Qe8 18. Rad1 Bf6 19. Bd6 Rf7 20. Bxg6 hxg6 21.
Qxg6+ Bg7 22. Rd3 Rf8 23. Qg4 Rf5 24. Rg3 Qf7 25. f4 Kh7 26. Be5 Bh6 27. Rff3
Bb7 28. Rh3 Rg8 29. Rxh6+ Kxh6 30. Rh3+ Rh5 31. Rxh5+ Qxh5 32. Qxg8 Qd1+ 33.
Kf2 Qd2+ 34. Kg3 Qe3+ 35. Kh4 Qf2+ 36. Kh3 Qe3+ 37. g3 1-0

[Event "7th European Individual Senior Champion."]
[Site "Hockenheim, Germany"]
[Date "2007.06.04"]
[Round "3.39"]
[White "Semmler, Guenter"]
[Black "Ofstad, Per"]
[Result "1/2-1/2"]
[WhiteElo "2030"]
[BlackElo "2169"]
[PlyCount "49"]
[EventDate "2007.??.??"]

1. Nf3 d5 2. d4 Nf6 3. g3 c6 4. Bg2 Bf5 5. O-O Nbd7 6. Nbd2 h6 7. c4 e6 8. b3
Be7 9. Bb2 Ne4 10. Nxe4 Bxe4 11. Nd2 Bxg2 12. Kxg2 O-O 13. a3 f5 14. e3 Bf6 15.
cxd5 exd5 16. Qc2 Be7 17. f3 Kh8 18. Qc3 Bf6 19. b4 Qe8 20. Rfe1 Qh5 21. a4 a6
22. Qb3 Qf7 23. Rac1 Rac8 24. Re2 Kg8 25. Qd3 1/2-1/2

[Event "7th European Individual Senior Champion."]
[Site "Hockenheim, Germany"]
[Date "2007.06.04"]
[Round "3.40"]
[White "Jicman, Ligia-Letitia"]
[Black "Scholz, Herbert Dr."]
[Result "1-0"]
[WhiteElo "2167"]
[BlackElo "1978"]
[PlyCount "65"]
[EventDate "2007.??.??"]

1. e4 c6 2. d4 d5 3. exd5 cxd5 4. c4 Nf6 5. Nc3 e6 6. Nf3 Be7 7. cxd5 Nxd5 8.
Bd3 Nc6 9. O-O O-O 10. Re1 Bf6 11. a3 a6 12. Bc2 Nxc3 13. bxc3 b5 14. a4 Bb7
15. Ba3 Re8 16. axb5 axb5 17. Qd3 g6 18. Qxb5 Rb8 19. Be4 Qc7 20. Bc5 Rec8 21.
Bb6 Qd7 22. c4 Qe8 23. Rab1 Kg7 24. d5 Ne5 25. Qxe8 Nxf3+ 26. gxf3 Rxe8 27. Ba7
exd5 28. cxd5 Bc3 29. Rec1 f5 30. Rxc3 fxe4 31. Bxb8 exf3 32. Rxb7+ Kg8 33.
Rxf3 1-0

[Event "7th European Individual Senior Champion."]
[Site "Hockenheim, Germany"]
[Date "2007.06.04"]
[Round "3.41"]
[White "Schuler, Georg"]
[Black "Mesiarik, Rudolf"]
[Result "0-1"]
[WhiteElo "1992"]
[BlackElo "2167"]
[PlyCount "106"]
[EventDate "2007.??.??"]

1. c4 c5 2. Nc3 g6 3. g3 Bg7 4. Bg2 Nf6 5. e3 O-O 6. Nge2 Nc6 7. O-O d6 8. d4
Bd7 9. b3 Qc8 10. Nf4 cxd4 11. exd4 Ng4 12. Nfe2 Nh6 13. Bb2 Nf5 14. Nd5 e6 15.
Ne3 Nxe3 16. fxe3 e5 17. d5 Ne7 18. Ba3 Qc7 19. Rc1 Nf5 20. Qd2 Bh6 21. Rc3 Qa5
22. Bc1 Qc5 23. Kh1 Rfd8 24. Qd3 a5 25. e4 Bxc1 26. Rcxc1 Ng7 27. a4 f5 28. Qd2
Rf8 29. Ng1 fxe4 30. Bxe4 Nf5 31. Rce1 Qd4 32. Qg5 Nxg3+ 33. hxg3 Rxf1 34. Rxf1
Qxe4+ 35. Kh2 Bf5 36. Qd2 Rf8 37. Rf2 b6 38. Re2 Qg4 39. Qe3 Qd4 40. Qxd4 exd4
41. Rd2 d3 42. Nf3 Re8 43. g4 Bxg4 44. Rxd3 Bxf3 45. Rxf3 Kg7 46. Kg3 Re4 47.
Kf2 h5 48. Kg3 g5 49. Rd3 Kf6 50. Kf3 Ke5 51. Kg3 Kf5 52. Rf3+ Ke5 53. Rd3 h4+
0-1

[Event "7th European Individual Senior Champion."]
[Site "Hockenheim, Germany"]
[Date "2007.06.04"]
[Round "3.42"]
[White "Haug, Kjell"]
[Black "Villing, Dieter"]
[Result "0-1"]
[WhiteElo "1967"]
[BlackElo "2160"]
[PlyCount "72"]
[EventDate "2007.??.??"]

1. c4 e5 2. Nc3 f5 3. e3 Nf6 4. Be2 Bb4 5. Nf3 Nc6 6. O-O O-O 7. a3 Bxc3 8.
bxc3 d6 9. d3 Qe7 10. Nd2 Bd7 11. Nb3 Rae8 12. d4 b6 13. a4 Kh8 14. d5 Nd8 15.
f3 Nf7 16. Bd3 g5 17. Qc2 Nh6 18. e4 f4 19. Be2 Rg8 20. Nd2 Qg7 21. Ra2 Nf7 22.
a5 h5 23. axb6 axb6 24. Kf2 g4 25. Ke1 Ng5 26. Kd1 Ra8 27. Ke1 Qg6 28. Rxa8
Rxa8 29. Rg1 h4 30. Kf1 Qh7 31. Bd3 Rf8 32. Ke2 Qh5 33. Rf1 h3 34. Kf2 hxg2 35.
Kxg2 Rg8 36. Rf2 Nh3 0-1

[Event "7th European Individual Senior Champion."]
[Site "Hockenheim, Germany"]
[Date "2007.06.04"]
[Round "3.43"]
[White "Minz, Michael"]
[Black "Ortega Morales, Pedro"]
[Result "1-0"]
[WhiteElo "2159"]
[BlackElo "1959"]
[PlyCount "103"]
[EventDate "2007.??.??"]

1. e4 e5 2. Nc3 Nf6 3. g3 Nc6 4. Bg2 Be7 5. Nge2 d6 6. O-O O-O 7. b3 Re8 8. Bb2
Bg4 9. h3 Be6 10. f4 h6 11. Nd5 Bxd5 12. exd5 Nb4 13. Nc3 c6 14. dxc6 Nxc6 15.
Nd5 Nxd5 16. Bxd5 Nb4 17. Qf3 Nxd5 18. Qxd5 Qc8 19. Kg2 exf4 20. Rxf4 Qc6 21.
Qxc6 bxc6 22. Raf1 f6 23. Re4 Kf7 24. Rfe1 Bf8 25. g4 d5 26. Rxe8 Rxe8 27. Rxe8
Kxe8 28. c4 Kd7 29. cxd5 cxd5 30. h4 Ke6 31. h5 Bd6 32. Kf3 Be5 33. Ba3 f5 34.
Bc5 a6 35. d4 Bc7 36. b4 fxg4+ 37. Kxg4 Kf6 38. a4 g6 39. b5 axb5 40. axb5
gxh5+ 41. Kxh5 Bf4 42. Kg4 Bb8 43. b6 Ke6 44. Kh5 Bf4 45. b7 Kf5 46. Bf8 Ke4
47. Bxh6 Bb8 48. Bg7 Kd3 49. Be5 Ba7 50. Kg5 Kc4 51. Kf5 Kb5 52. b8=Q+ 1-0

[Event "7th European Individual Senior Champion."]
[Site "Hockenheim, Germany"]
[Date "2007.06.04"]
[Round "3.46"]
[White "Tochtermann, Georg Dr"]
[Black "Kripp, Wolfgang"]
[Result "0-1"]
[WhiteElo "1956"]
[BlackElo "2146"]
[PlyCount "98"]
[EventDate "2007.??.??"]

1. e4 Nf6 2. e5 Nd5 3. d4 d6 4. c4 Nb6 5. exd6 exd6 6. Bd3 Be7 7. Ne2 Bg4 8.
Be3 Nc6 9. O-O Bf6 10. f3 Bh5 11. Nbc3 O-O 12. a3 Re8 13. Bf2 Bg6 14. Qc2 Nxc4
15. Bxg6 hxg6 16. Nd5 Nb6 17. Nxb6 axb6 18. Rad1 d5 19. Nc3 Qd7 20. Qb3 Rad8
21. g4 Na5 22. Qc2 Nc4 23. a4 Bg5 24. b3 Na5 25. Rfe1 Nc6 26. Kg2 Re7 27. Rxe7
Qxe7 28. Nb5 Rd7 29. Re1 Qd8 30. Bg3 Bh4 31. Bxh4 Qxh4 32. Re8+ Kh7 33. Qe2 Qf6
34. Rh8+ Kxh8 35. Qe8+ Kh7 36. Qxd7 Nxd4 37. Qxd5 Ne6 38. Qd2 Qe5 39. Nc3 Nf4+
40. Kf1 f5 41. Qe1 Qd4 42. Qh4+ Kg8 43. Qe1 Nh3 44. Kg2 fxg4 45. Qe6+ Kh7 46.
Qxg4 Nf4+ 47. Kf1 Qd3+ 48. Kf2 Qd2+ 49. Kg3 Nh5+ 0-1

[Event "7th European Individual Senior Champion."]
[Site "Hockenheim, Germany"]
[Date "2007.06.04"]
[Round "3.48"]
[White "Serra Olives, Tomas"]
[Black "Strozewski, Guenter"]
[Result "1-0"]
[WhiteElo "2138"]
[BlackElo "1852"]
[PlyCount "63"]
[EventDate "2007.??.??"]

1. e4 e5 2. Nf3 Nc6 3. Bb5 a6 4. Ba4 Bc5 5. O-O d6 6. d4 exd4 7. Nxd4 Bd7 8.
Nf5 Bxf5 9. exf5 Qf6 10. Nc3 Nge7 11. g4 O-O-O 12. Bf4 g6 13. Ne4 Qd4 14. Qxd4
Bxd4 15. Bg5 Rde8 16. Bf6 Bxf6 17. Nxf6 Ref8 18. Kg2 Ne5 19. f4 N7c6 20. c3 h5
21. Bxc6 Nxc6 22. fxg6 fxg6 23. g5 Ne7 24. Rfe1 Kd8 25. Re6 Ng8 26. Nd5 Kd7 27.
Rxg6 c6 28. Rg7+ Kd8 29. Nc7 Kc8 30. Re1 Kb8 31. Re8+ Rxe8 32. Nxe8 1-0

[Event "7th European Individual Senior Champion."]
[Site "Hockenheim, Germany"]
[Date "2007.06.04"]
[Round "3.49"]
[White "Schaefer, Gustav"]
[Black "Kock, Hans-Uwe"]
[Result "0-1"]
[WhiteElo "1844"]
[BlackElo "2137"]
[PlyCount "118"]
[EventDate "2007.??.??"]

1. e4 c6 2. d4 d5 3. Nc3 g6 4. Nf3 Bg7 5. exd5 cxd5 6. Bb5+ Nc6 7. O-O Nf6 8.
Ne5 Bd7 9. Nxd7 Qxd7 10. Be3 O-O 11. f3 e6 12. Qd2 Ne8 13. Rad1 Nd6 14. Ba4 Nc4
15. Qc1 Nxe3 16. Qxe3 Qc7 17. Ne2 Ne7 18. c3 Nf5 19. Qf2 Qa5 20. Bb3 Bh6 21. f4
Bg7 22. Rd3 h5 23. Ng3 Nd6 24. Re1 Qd8 25. Nf1 Ne4 26. Qf3 Rc8 27. Nd2 f5 28.
Qe2 Qd6 29. g3 b5 30. Nf3 b4 31. Ne5 Bxe5 32. dxe5 Qb6+ 33. Qe3 bxc3 34. bxc3
Nxc3 35. Qxb6 axb6 36. Ree3 Ne4 37. Kg2 Kf7 38. Ba4 Rc5 39. Rd4 b5 40. Bb3 Rfc8
41. a4 bxa4 42. Rxa4 Rc3 43. Ra7+ R8c7 44. Rxc3 Rxa7 45. Rc1 Nd2 46. Bd1 Ke7
47. h3 Kd7 48. g4 hxg4 49. hxg4 Nc4 50. gxf5 gxf5 51. Kg3 Kc6 52. Kh4 Rg7 53.
Be2 Kc5 54. Kh5 Kd4 55. Kh6 Rg2 56. Bh5 Ke4 57. Bf7 Kxf4 58. Re1 Nxe5 59. Bxe6
Rg6+ 0-1

[Event "7th European Individual Senior Champion."]
[Site "Hockenheim, Germany"]
[Date "2007.06.04"]
[Round "3.50"]
[White "Werner, Alfons"]
[Black "Schmoll, Heinz"]
[Result "1/2-1/2"]
[WhiteElo "1743"]
[BlackElo "2133"]
[PlyCount "46"]
[EventDate "2007.??.??"]

1. e4 c5 2. c3 Nf6 3. e5 Nd5 4. d4 cxd4 5. cxd4 e6 6. Nf3 Nc6 7. Be2 b5 8. a3
Qb6 9. Be3 Bb7 10. O-O Nxe3 11. fxe3 Be7 12. Nc3 a6 13. Bd3 O-O 14. Qe2 f5 15.
exf6 gxf6 16. Bxh7+ Kxh7 17. Nh4 Rf7 18. Qh5+ Kg8 19. Ng6 Rg7 20. Ne4 f5 21.
Nxe7+ Nxe7 22. Nf6+ Kf8 23. Nxd7+ Kg8 1/2-1/2

[Event "7th European Individual Senior Champion."]
[Site "Hockenheim, Germany"]
[Date "2007.06.04"]
[Round "3.51"]
[White "Dydy, Kaplan"]
[Black "Kornath, Heinrich"]
[Result "1-0"]
[WhiteElo "2127"]
[BlackElo "1838"]
[PlyCount "37"]
[EventDate "2007.??.??"]

1. d4 Nf6 2. Nf3 c6 3. c4 b5 4. e3 bxc4 5. Bxc4 Ba6 6. Bxa6 Nxa6 7. O-O d5 8.
Ne5 Qb6 9. Qa4 Rc8 10. Bd2 Qb5 11. Nc3 Qxa4 12. Nxa4 Ne4 13. Ba5 e6 14. Rfc1 c5
15. f3 Nf6 16. dxc5 Bxc5 17. Rxc5 Rxc5 18. Nxc5 Nxc5 19. Rc1 1-0

[Event "7th European Individual Senior Champion."]
[Site "Hockenheim, Germany"]
[Date "2007.06.04"]
[Round "3.52"]
[White "Otto, Klaus"]
[Black "Klein, Klaus"]
[Result "1/2-1/2"]
[WhiteElo "1522"]
[BlackElo "2120"]
[PlyCount "55"]
[EventDate "2007.??.??"]

1. e4 c6 2. d3 d5 3. Nd2 g6 4. Ngf3 Bg7 5. Rb1 Bg4 6. Be2 e6 7. h3 Bxf3 8. Nxf3
Qa5+ 9. Bd2 Qxa2 10. b3 Qa3 11. e5 Qe7 12. d4 c5 13. Bb5+ Nc6 14. c3 Rc8 15.
O-O a6 16. Be2 Qd7 17. Bf4 cxd4 18. cxd4 Nge7 19. g4 h5 20. Kg2 hxg4 21. hxg4
Kd8 22. b4 Na7 23. Ng5 Nec6 24. Nf3 Kc7 25. Qa4 Ra8 26. b5 axb5 27. Bxb5 Qc8
28. Rfc1 1/2-1/2

[Event "7th European Individual Senior Champion."]
[Site "Hockenheim, Germany"]
[Date "2007.06.04"]
[Round "3.53"]
[White "Lapitskaya, Galina"]
[Black "Fedotov, Oleksandr"]
[Result "0-1"]
[WhiteElo "1401"]
[BlackElo "2100"]
[PlyCount "86"]
[EventDate "2007.??.??"]

1. c4 f5 2. Nc3 Nf6 3. g3 e5 4. e3 c6 5. Nge2 Bb4 6. a3 Ba5 7. b4 Bc7 8. d4 O-O
9. Bg2 Qe7 10. O-O d6 11. d5 Bd7 12. a4 h5 13. b5 c5 14. e4 Nh7 15. exf5 Bxf5
16. Re1 Qf7 17. f3 Nd7 18. f4 Rae8 19. fxe5 Nxe5 20. Rf1 Qd7 21. Nf4 Bg4 22.
Qc2 Ng5 23. Bb2 Bf5 24. Ne4 Nef3+ 25. Bxf3 Nxf3+ 26. Rxf3 Bxe4 27. Qc3 Bxf3 28.
Qxf3 Qg4 29. Qc3 Rf7 30. Rf1 Bd8 31. h3 Qf5 32. Qc1 g5 33. Nxh5 Qxf1+ 34. Qxf1
Rxf1+ 35. Kxf1 Re4 36. Nf6+ Bxf6 37. Bxf6 g4 38. h4 Kf7 39. Bd8 Rxc4 40. a5 a6
41. bxa6 bxa6 42. Kf2 Rd4 43. Ke3 Rxd5 0-1

[Event "7th European Individual Senior Champion."]
[Site "Hockenheim, Germany"]
[Date "2007.06.04"]
[Round "3.54"]
[White "Schwichtenberg, Juergen"]
[Black "Mueller, Waldemar"]
[Result "1/2-1/2"]
[WhiteElo "1911"]
[BlackElo "2115"]
[PlyCount "79"]
[EventDate "2007.??.??"]

1. b4 Nf6 2. Bb2 e6 3. b5 b6 4. e3 d5 5. Nf3 Bd6 6. Be2 O-O 7. O-O a6 8. a4 c5
9. c4 Nbd7 10. d4 Qc7 11. Nbd2 Bb7 12. g3 axb5 13. axb5 Rxa1 14. Bxa1 Ne4 15.
Nxe4 dxe4 16. Nd2 cxd4 17. Bxd4 e5 18. Bb2 f5 19. Qc2 Nf6 20. f4 exf4 21. gxf4
Bc5 22. Qb3 Nd7 23. Qc3 Rf6 24. Nb3 Be7 25. Rf2 Rg6+ 26. Rg2 Bf6 27. Qc2 Qd6
28. Nd4 Rxg2+ 29. Kxg2 g6 30. Nb3 g5 31. Bxf6 Qxf6 32. c5 bxc5 33. Nxc5 Nxc5
34. Qxc5 gxf4 35. exf4 e3+ 36. Kh3 Qh6+ 37. Kg3 Qg6+ 38. Kh4 Qf6+ 39. Kg3 Qg7+
40. Kh4 1/2-1/2

[Event "7th European Individual Senior Champion."]
[Site "Hockenheim, Germany"]
[Date "2007.06.04"]
[Round "3.56"]
[White "Masich, Vladimir"]
[Black "Roehrl, Bruno"]
[Result "1-0"]
[WhiteElo "2079"]
[BlackElo "1911"]
[PlyCount "56"]
[EventDate "2007.??.??"]

1. e4 c5 2. Nf3 d6 3. d4 cxd4 4. Nxd4 Nf6 5. Nc3 a6 6. a4 b6 7. g3 Qc7 8. Bg2
Bb7 9. O-O e6 10. Re1 Nbd7 11. f4 Rd8 12. Nd5 Nxd5 13. exd5 e5 14. Nc6 Bxc6 15.
dxc6 Nf6 16. Qe2 Be7 17. Qxa6 O-O 18. Qb7 Ne8 19. Be3 Rb8 20. Qxc7 Nxc7 21.
fxe5 dxe5 22. Rad1 Rfd8 23. Rxd8+ Bxd8 24. Rd1 Ne6 25. Rd7 Kf8 26. Rb7 Ra8 27.
Bd5 Nc7 28. Bb3 Ne6 1-0

[Event "7th European Individual Senior Champion."]
[Site "Hockenheim, Germany"]
[Date "2007.06.04"]
[Round "3.57"]
[White "Alvarez Escudero, Manuel"]
[Black "Delander, Adolf"]
[Result "0-1"]
[WhiteElo "1945"]
[BlackElo "2075"]
[PlyCount "60"]
[EventDate "2007.??.??"]

1. e4 c6 2. Nc3 d5 3. d4 dxe4 4. Nxe4 Nf6 5. Nxf6+ exf6 6. Nf3 Bd6 7. Bd3 O-O
8. O-O Re8 9. c3 Nd7 10. h3 Nf8 11. Nh4 Ne6 12. Qc2 Bf4 13. Bxf4 Nxf4 14. Qd2
g5 15. Rfe1 Nxd3 16. Rxe8+ Qxe8 17. Nf3 Bf5 18. h4 h6 19. g3 Qe4 20. Ne1 Re8
21. f3 Qe2 22. Qxe2 Rxe2 23. Nxd3 Bxd3 24. hxg5 hxg5 25. b3 Rb2 26. c4 Rb1+ 27.
Rxb1 Bxb1 28. d5 cxd5 29. cxd5 Bxa2 30. d6 Kf8 0-1

[Event "7th European Individual Senior Champion."]
[Site "Hockenheim, Germany"]
[Date "2007.06.04"]
[Round "3.58"]
[White "Dotan, Valeria"]
[Black "Barlo, Werner"]
[Result "1-0"]
[WhiteElo "2075"]
[BlackElo "1871"]
[PlyCount "63"]
[EventDate "2007.??.??"]

1. Nf3 Nf6 2. c4 b6 3. d4 e6 4. Nc3 Bb7 5. e3 Bb4 6. Qb3 Nc6 7. a3 Bxc3+ 8.
Qxc3 Ne4 9. Qc2 f5 10. Bd3 Ne7 11. b4 O-O 12. Bb2 Ng6 13. h4 h6 14. h5 Nh8 15.
O-O-O Nf7 16. Nh4 Nh8 17. Rh3 Qg5 18. d5 Rf7 19. f4 Qe7 20. Bxe4 fxe4 21. Qxe4
a5 22. b5 Qc5 23. Qd4 Qxd4 24. Rxd4 exd5 25. cxd5 Re8 26. Rg3 d6 27. Kd2 Bc8
28. Rc4 Rfe7 29. f5 Rf7 30. f6 Ref8 31. Rf4 g5 32. hxg6 1-0

[Event "7th European Individual Senior Champion."]
[Site "Hockenheim, Germany"]
[Date "2007.06.04"]
[Round "3.59"]
[White "Benito Alba, Eladio"]
[Black "Ladstetter, Josef"]
[Result "1/2-1/2"]
[WhiteElo "1881"]
[BlackElo "2066"]
[PlyCount "65"]
[EventDate "2007.??.??"]

1. d4 Nf6 2. Nf3 d5 3. c4 c6 4. Nc3 g6 5. cxd5 cxd5 6. e3 Bg7 7. Bb5+ Bd7 8.
O-O O-O 9. Bd2 Bxb5 10. Nxb5 Qb6 11. Nc3 Nbd7 12. Na4 Qb5 13. Rc1 Rac8 14. Nc3
Qb6 15. a3 Qxb2 16. Rb1 Qxa3 17. Rxb7 Rxc3 18. Bxc3 Qxc3 19. Rxa7 e6 20. Qb1
Rc8 21. h3 Bf8 22. Qa1 Qxa1 23. Rfxa1 Bd6 24. Ra8 Rxa8 25. Rxa8+ Kg7 26. Kf1
Ne4 27. Ra6 Kf6 28. Ke2 Ke7 29. Nd2 Nxd2 30. Kxd2 e5 31. dxe5 Nxe5 32. Ke2 h5
33. Ra8 1/2-1/2

[Event "7th European Individual Senior Champion."]
[Site "Hockenheim, Germany"]
[Date "2007.06.04"]
[Round "3.60"]
[White "Smits, Oswald"]
[Black "Ophoff, Rigobert"]
[Result "0-1"]
[WhiteElo "1894"]
[BlackElo "2062"]
[PlyCount "86"]
[EventDate "2007.??.??"]

1. d4 Nf6 2. c4 d6 3. Nc3 e5 4. dxe5 dxe5 5. Qxd8+ Kxd8 6. Bg5 Be6 7. Rd1+ Nbd7
8. Bxf6+ gxf6 9. e3 c6 10. a3 a5 11. Be2 Kc7 12. Nf3 Be7 13. O-O Nb6 14. Nd2
Rhd8 15. Ncb1 a4 16. Rc1 Nd7 17. Rfe1 Nc5 18. Rc3 Rd7 19. f3 Rad8 20. Nf1 f5
21. Rc2 Bf6 22. Kf2 Bh4+ 23. g3 Bf6 24. Nbd2 e4 25. Rb1 exf3 26. Kxf3 h5 27. h4
Be5 28. Kg2 Bf6 29. Nf3 f4 30. Rd2 Rxd2 31. N3xd2 fxe3 32. Nf3 Bf5 33. Rd1 Rxd1
34. Bxd1 Bxb2 35. Nxe3 Be4 36. Kh3 Bxa3 37. Nd2 Bg6 38. g4 hxg4+ 39. Kxg4 Bc1
40. Ndf1 a3 41. h5 Bd3 42. Bc2 Bxf1 43. Nxf1 a2 0-1

[Event "7th European Individual Senior Champion."]
[Site "Hockenheim, Germany"]
[Date "2007.06.04"]
[Round "3.61"]
[White "Pracht, Hans-Dieter"]
[Black "Diaz Begonte, Manuel"]
[Result "1-0"]
[WhiteElo "2056"]
[BlackElo "1865"]
[PlyCount "109"]
[EventDate "2007.??.??"]

1. d4 d5 2. c4 c6 3. Nf3 Nf6 4. Nc3 dxc4 5. a4 Bf5 6. Ne5 Nbd7 7. Nxc4 e6 8.
Bg5 h6 9. Bh4 Be7 10. e3 O-O 11. Bd3 Nd5 12. Bxe7 Nxe7 13. O-O a6 14. Bxf5 Nxf5
15. h3 Qh4 16. Qg4 Nf6 17. Qxh4 Nxh4 18. a5 Rfd8 19. Rfd1 Nf5 20. Kf1 Nd6 21.
Nxd6 Rxd6 22. Ke2 Rad8 23. Rac1 Kf8 24. f3 Ke7 25. Na4 Rd5 26. Rc5 Nd7 27. Rxd5
exd5 28. Rc1 Kd6 29. Nc5 Nxc5 30. dxc5+ Ke5 31. Kd3 g5 32. Rf1 d4 33. f4+ gxf4
34. exf4+ Kd5 35. b4 Rg8 36. g4 Re8 37. Rf3 Re1 38. g5 h5 39. f5 Rd1+ 40. Ke2
Rg1 41. g6 f6 42. Kf2 Rg5 43. h4 Rg4 44. Rg3 Rf4+ 45. Kg2 Re4 46. g7 Re8 47.
g8=Q+ Rxg8 48. Rxg8 Kc4 49. Rd8 Kd3 50. Kf3 Kc3 51. Ke4 d3 52. Rxd3+ Kxb4 53.
Rd6 Kxc5 54. Rxf6 Kb4 55. Rf7 1-0

[Event "7th European Individual Senior Champion."]
[Site "Hockenheim, Germany"]
[Date "2007.06.04"]
[Round "3.62"]
[White "Abolina, Arija-solveiga"]
[Black "Thieme, Hans"]
[Result "1/2-1/2"]
[WhiteElo "1870"]
[BlackElo "2055"]
[PlyCount "96"]
[EventDate "2007.??.??"]

1. e4 c5 2. Nf3 e6 3. d4 cxd4 4. Nxd4 Qb6 5. c3 Bc5 6. b4 Bxd4 7. Qxd4 Qxd4 8.
cxd4 Nc6 9. Bb2 Nxb4 10. Kd2 Nf6 11. f3 d6 12. Nc3 Bd7 13. Rc1 O-O 14. a3 Nc6
15. Nb5 Ne8 16. d5 Ne7 17. dxe6 Bxe6 18. Nc7 Rc8 19. Nxe6 fxe6 20. Bc4 Nc7 21.
Rhd1 Nc6 22. Ke3 Rcd8 23. Rd2 d5 24. exd5 Nxd5+ 25. Kf2 Rf7 26. Rcd1 Rfd7 27.
g3 Kf7 28. f4 g6 29. Kf3 a6 30. h3 b5 31. Ba2 Na5 32. Rd4 Ke7 33. g4 Nb6 34.
Rxd7+ Rxd7 35. Rxd7+ Kxd7 36. Bc3 Nac4 37. Bb4 Nd5 38. Ke4 Nxb4 39. axb4 Kc6
40. Bxc4 bxc4 41. Kd4 c3 42. Kxc3 Kd5 43. Kd3 h6 44. h4 h5 45. g5 e5 46. fxe5
Kxe5 47. Ke3 Kd5 48. Kd3 Ke5 1/2-1/2